Αγνή Ρουσοπούλου (1901-1977)

Αποθηκεύτηκε σε:
Λεπτομέρειες βιβλιογραφικής εγγραφής
Μορφή: Βιβλίο
Γλώσσα:Greek
Δημοσίευση: Αθήνα : [χ.ό.], 1980
Θέματα:
Ετικέτες: Προσθήκη ετικέτας
Δεν υπάρχουν, Καταχωρήστε ετικέτα πρώτοι!

MARC

LEADER 00000cam a2200000 i 4500
001 1/3839
008 000523s1980 gre d
035 |l 10060942 
040 |a GR-MY-UA  |b gre  |e aacr 
041 0 |a gre 
082 0 |a 920 
245 1 0 |a Αγνή Ρουσοπούλου (1901-1977) 
246 3 3 |a Αγνή Ρουσοπούλου 
260 |a Αθήνα :   |b [χ.ό.],   |c 1980 
300 |a 241 σ.   |b εικ. 
600 1 0 |a Ρουσοπούλου, Αγνή Ο.,   |d 1901-1977  |x Biography. 
852 |a INST  |b LESVOS  |e 20000523  |h 920 ΑΓΝ  |p 005100020954  |q 005100020954  |t BK  |y 0 
901 |a BIBL1-2000-2 
909 |a Λ  |b 076849 
970 |z 2000/05/ΔΕΜΕΝΑΓΑΣ (ELIDOC)